Evaluación del impacto ambiental: un instrumento preventivo para la gestión ambiental
Shranjeno v:
| Glavni avtor: | |
|---|---|
| Format: | Knjiga |
| Jezik: | španščina |
| Izdano: |
Madrid
Mundi Prensa
1999
|
| Izdaja: | 1a. ed |
| Teme: | |
| Oznake: |
Označite
Brez oznak, prvi označite!
|
MARC
| LEADER | 00000cam a2200000 a 4500 | ||
|---|---|---|---|
| 001 | UCM0749 | ||
| 003 | CL-VaPUC | ||
| 008 | 020308e19990000SP |||||||||||||||||spa|d | ||
| 020 | |a 8471148145 | ||
| 082 | 0 | 4 | |a 363.7 |b GOM |2 21 |
| 100 | |a Gómez Orea, Domingo |e author |9 579881 | ||
| 245 | 1 | 0 | |a Evaluación del impacto ambiental: un instrumento preventivo para la gestión ambiental |
| 250 | |a 1a. ed | ||
| 300 | |a 701 p | ||
| 942 | |c BK | ||
| 945 | |d 20020308 00:00:00 |a cmena | ||
| 260 | |a Madrid |b Mundi Prensa |c 1999 | ||
| 650 | 0 | |a Medio ambiente |9 257625 | |
| 650 | 0 | |a Gestión ambiental |9 338121 | |
| 650 | 7 | |a PLANIFICACION AMBIENTAL |2 CL-VaPUC |9 337987 | |
| 583 | |a last modification |c 20121005 10:25:54 |k Rodrigo Vera | ||
| 999 | |c 299583 |d 299581 | ||
| 952 | |0 0 |1 0 |4 0 |6 363_700000000000000_GOM_1999 |7 0 |8 A |9 356280 |a BIBING |b BIBING |d 2019-11-21 |i 3803651 |o 363.7 GOM 1999 |p 3803651 |r 2025-01-20 |w 2019-11-21 |y BK |k GEO | ||